000 00965nam a2200325 a 4500
001 68012
003 BD-RjUL
005 20211209081724.0
008 170329r19741971enka b 001 0 eng d
020 _a019263321 x
020 _a0192633155
020 _a0192633163
035 _a(BD-RjUL)68221
040 _aDLC
_cDLC
_dDLC
_dBD-RjUL
_beng
041 _aeng
082 0 0 _a612
_223
_bWRS 1971
100 1 _aWright, Samson.
_d1899-1956.
_9201585
245 0 0 _aSamson Wright's applied physiology. /
_cSamson Wright.
250 _a12th ed.;
260 _aLondon,
_aNew York,
_bOxford University Press,
_c1971.
300 _avii, 576 p. :
_bill. ;
_c27 cm.
504 _aIncludes bibliographies and indexes
650 0 _aHuman physiology.
_9162672
650 0 _aPathology.
_9121176
700 1 _aKeele, Cyril A.
_q(Cyril Arthur)
_9201586
700 1 _aNeil, Eric,
_eed.
_9201587
740 0 _aApplied physiology.
942 _2ddc
_cBK
999 _c68012
_d68012